[Event "18sen.Bay.EM2006 Schney op"]
[Site "Schloss Schney (25.6.-3.7)"]
[Date "2006.06.30"]
[Round "6.43"]
[White "Salomon, Heide++"]
[Black "Fiedler, Werner(23)"]
[Result "1-0"]
[WhiteElo "1522"]
[BlackElo "1629"]
[PlyCount "73"]
[EventDate "2006.07.??"]
[Source "Ganslmayer"]
[SourceDate "2012.12.20"]

1. e4 c5 2. Nf3 e6 3. Nc3 a6 4. a4 Nc6 5. d4 cxd4 6. Nxd4 Qc7 7. Nxc6 bxc6 8.
Bd3 h6 9. O-O Bb7 10. Qe2 Bd6 11. f4 Ne7 12. e5 Bc5+ 13. Kh1 d5 14. exd6 Bxd6
15. Ne4 c5 16. Bd2 O-O 17. Nxd6 Qxd6 18. Bc3 Rfe8 19. Qg4 g6 20. Be5 Qd5 21.
Rad1 Qc6 22. b3 Nf5 23. Bxf5 exf5 24. Qh3 Rad8 25. c4 Rxd1 26. Rxd1 Qe4 27. Qg3
Kh7 28. h4 g5 29. hxg5 hxg5 30. Qxg5 Rxe5 31. fxe5 Qxe5 32. Rd7 Qa1+ 33. Kh2
Qe5+ 34. Qg3 Qxg3+ 35. Kxg3 f4+ 36. Kxf4 Bxg2 37. Rxf7+ 1-0

[Event "18sen.Bay.EM2006 Schney op"]
[Site "Schloss Schney (25.6.-3.7)"]
[Date "2006.06.30"]
[Round "6.44"]
[White "Conitz, Helmut"]
[Black "Paulsen, Eckart"]
[Result "0-1"]
[WhiteElo "1440"]
[BlackElo "1646"]
[PlyCount "120"]
[EventDate "2006.07.??"]
[Source "Ganslmayer"]
[SourceDate "2012.12.20"]

1. e4 b6 2. d4 Bb7 3. Nc3 e6 4. Bd3 Bb4 5. Bd2 Nf6 6. f3 d5 7. e5 Nfd7 8. h4
Nc6 9. Nce2 Be7 10. g3 f6 11. f4 Nb4 12. Bxb4 Bxb4+ 13. c3 Be7 14. Qc2 f5 15.
Nf3 h6 16. O-O-O c5 17. Bb5 a6 18. Bxd7+ Qxd7 19. Kb1 O-O-O 20. Rd2 Kb8 21. Rc1
Rc8 22. Qb3 Qc6 23. Qd1 c4 24. b4 cxb3 25. Qxb3 Qc4 26. Qxb6 Rc6 27. Qb3 Rhc8
28. Rb2 R8c7 29. Qxc4 Rxc4 30. Rb3 Ka7 31. Nd2 R4c6 32. Rc2 Rb6 33. Rcb2 Rxb3
34. axb3 Bc6 35. Rc2 Bb5 36. Nc1 Ba3 37. c4 dxc4 38. bxc4 Ba4 39. Ra2 Rb7+ 40.
Ka1 Bxc1 41. Rxa4 Bxd2 42. d5 exd5 43. cxd5 Bc3+ 44. Ka2 Rb2+ 45. Ka3 Rb1 46.
d6 Ra1+ 47. Kb3 Rxa4 48. Kxa4 Kb7 49. Kb3 Ba1 50. Kc4 Kc6 51. Kb4 Bd4 52. Ka5
Bf2 53. Kxa6 Bxg3 54. d7 Kxd7 55. h5 Bxf4 56. Kb5 Ke6 57. Kc4 Kxe5 58. Kd3 Bc1
59. Ke2 Kf4 60. Kf2 Kg4 0-1

[Event "18sen.Bay.EM2006 Schney op"]
[Site "Schloss Schney (25.6.-3.7)"]
[Date "2006.06.30"]
[Round "6.45"]
[White "Jurgan, Brigitte"]
[Black "Von Berg, Hans-Dieter"]
[Result "1/2-1/2"]
[WhiteElo "1163"]
[BlackElo "1491"]
[PlyCount "36"]
[EventDate "2006.07.??"]
[Source "Ganslmayer"]
[SourceDate "2012.12.20"]

1. d4 d5 2. Nf3 Nf6 3. g3 e6 4. a3 Be7 5. Bg2 Nbd7 6. O-O O-O 7. Nc3 c6 8. Re1
Re8 9. Bg5 h6 10. Bxf6 Bxf6 11. Rb1 e5 12. dxe5 Nxe5 13. Nxe5 Bxe5 14. e3 Bf5
15. e4 Bxc3 16. bxc3 Bxe4 17. Bxe4 Rxe4 18. Rxe4 dxe4 1/2-1/2

[Event "18sen.Bay.EM2006 Schney op"]
[Site "Schloss Schney (25.6.-3.7)"]
[Date "2006.06.30"]
[Round "6.46"]
[White "Breitfuss, Joachim++"]
[Black "Ludwig, Karl-Heinz ProfDr"]
[Result "1-0"]
[WhiteElo "1385"]
[BlackElo "1157"]
[PlyCount "81"]
[EventDate "2006.07.??"]
[Source "Ganslmayer"]
[SourceDate "2012.12.20"]

1. d4 d5 2. c4 b6 3. cxd5 Qxd5 4. Nc3 Qf5 5. e4 Qd7 6. Nf3 f6 7. Bb5 c6 8. Bc4
e6 9. O-O g5 10. h4 h6 11. Qe2 b5 12. Bb3 Ba6 13. Rd1 b4 14. Bc4 Bxc4 15. Qxc4
bxc3 16. bxc3 c5 17. Ba3 f5 18. dxc5 Qf7 19. Qb5+ Nd7 20. Ne5 Rd8 21. Nxf7 Kxf7
22. Rxd7+ Rxd7 23. Qxd7+ Be7 24. c6 Kf6 25. Bxe7+ Nxe7 26. Qxa7 Nxc6 27. Qc5
Rc8 28. exf5 Ne7 29. Qd4+ e5 30. Qd6+ Kf7 31. Qe6+ Ke8 32. f6 Rc7 33. fxe7 Rxe7
34. Qg8+ Kd7 35. Rd1+ Kc6 36. Qd8 Rc7 37. Qd6+ Kb7 38. Rb1+ Kc8 39. Qe6+ Rd7
40. Rb8+ Kc7 41. Qb6# 1-0

[Event "18sen.Bay.EM2006 Schney op"]
[Site "Schloss Schney (25.6.-3.7)"]
[Date "2006.06.30"]
[Round "6.47"]
[White "Eckstein, Luise"]
[Black "Melzig, Ernst"]
[Result "0-1"]
[WhiteElo "1092"]
[BlackElo "1362"]
[PlyCount "106"]
[EventDate "2006.07.??"]
[Source "Ganslmayer"]
[SourceDate "2012.12.20"]

1. e4 e5 2. Nf3 Nc6 3. d4 exd4 4. Nxd4 Nxd4 5. Qxd4 c5 6. Qd1 Nf6 7. Nc3 b6 8.
Be2 Bb7 9. Bf3 d6 10. O-O Be7 11. Re1 O-O 12. Nd5 Nxd5 13. exd5 Re8 14. c3 Bf6
15. Be3 Re5 16. Rc1 Qd7 17. Rc2 Rae8 18. Rce2 Ba6 19. Rd2 Bg5 20. Be2 Bxe3 21.
fxe3 Bxe2 22. Rdxe2 Qb7 23. e4 Qd7 24. h3 Qe7 25. Qd3 Qh4 26. Qf3 g6 27. Rf1 f5
28. Qf4 Qxf4 29. Rxf4 fxe4 30. c4 Kg7 31. h4 h5 32. g3 R8e7 33. Kf2 Kh6 34. Rf6
Rf5+ 35. Rxf5 gxf5 36. Re3 a5 37. a4 Kg6 38. Kg2 Kf6 39. Kf2 Ke5 40. b3 Rf7 41.
Kg2 Rg7 42. Kf2 Rg4 43. Rc3 f4 44. gxf4+ Rxf4+ 45. Kg3 Rg4+ 46. Kh3 Kf4 47. Rc1
e3 48. Rf1+ Ke4 49. Re1 Kd3 50. Rd1+ Ke2 51. Rb1 Kf2 52. Rb2+ e2 53. Rc2 Kf1
0-1

[Event "18sen.Bay.EM2006 Schney op"]
[Site "Schloss Schney (25.6.-3.7)"]
[Date "2006.07.01"]
[Round "7.7"]
[White "Romanow, Werner"]
[Black "Muench, Klaus-Norbert Dr"]
[Result "1/2-1/2"]
[WhiteElo "1966"]
[BlackElo "2023"]
[PlyCount "21"]
[EventDate "2006.07.??"]
[Source "Ganslmayer"]
[SourceDate "2012.12.20"]

1. c4 Nf6 2. Nc3 g6 3. e4 d6 4. d4 Bg7 5. Be2 O-O 6. Nf3 e5 7. dxe5 dxe5 8.
Qxd8 Rxd8 9. Bg5 Re8 10. O-O c6 11. h3 1/2-1/2

[Event "18sen.Bay.EM2006 Schney op"]
[Site "Schloss Schney (25.6.-3.7)"]
[Date "2006.07.01"]
[Round "7.16"]
[White "Baessler, Arwed"]
[Black "Ziegler, Werner(31)"]
[Result "1/2-1/2"]
[WhiteElo "1751"]
[BlackElo "1828"]
[PlyCount "77"]
[EventDate "2006.07.??"]
[Source "Ganslmayer"]
[SourceDate "2012.12.20"]

1. d4 Nf6 2. f4 d5 3. Nf3 Bf5 4. e3 Nbd7 5. Bd3 e6 6. Nbd2 Bxd3 7. cxd3 c5 8.
dxc5 Bxc5 9. Nb3 Bb6 10. Bd2 O-O 11. O-O Rc8 12. Rc1 Rxc1 13. Qxc1 Qb8 14. Bc3
Qxf4 15. Nbd4 Qb8 16. Kh1 a6 17. Qd2 Bc7 18. Ne2 e5 19. Nh4 e4 20. g3 Be5 21.
d4 Bc7 22. Nf5 Re8 23. Bb4 a5 24. Bxa5 g6 25. Bxc7 Qxc7 26. Rc1 Qb8 27. Nh4 Rc8
28. Ng2 g5 29. h3 Rxc1+ 30. Qxc1 Nf8 31. Qc5 N8d7 32. Qc1 h6 33. Kg1 Kg7 34.
Kf1 Qd6 35. a3 Qe6 36. Ng1 Qd6 37. b3 Qb6 38. Qc3 Ne8 39. Ne1 1/2-1/2

[Event "18sen.Bay.EM2006 Schney op"]
[Site "Schloss Schney (25.6.-3.7)"]
[Date "2006.07.01"]
[Round "7.43"]
[White "Antusch, Ingrid++"]
[Black "Breitfuss, Joachim++"]
[Result "1-0"]
[WhiteElo "1446"]
[BlackElo "1385"]
[PlyCount "29"]
[EventDate "2006.07.??"]
[Source "Ganslmayer"]
[SourceDate "2012.12.20"]

1. f4 d5 2. Nf3 Nf6 3. e3 e6 4. d4 c5 5. c3 Nc6 6. Bd3 Be7 7. Nbd2 O-O 8. Ne5
cxd4 9. exd4 Bd7 10. O-O Rc8 11. Rf3 Na5 12. Qe2 a6 13. Rh3 Kh8 14. Ndf3 Ng8
15. Rxh7# 1-0

[Event "18sen.Bay.EM2006 Schney op"]
[Site "Schloss Schney (25.6.-3.7)"]
[Date "2006.07.01"]
[Round "7.45"]
[White "Froeling, Philippa"]
[Black "Mueller, Lothar(27)"]
[Result "0-1"]
[WhiteElo "1227"]
[BlackElo "1412"]
[PlyCount "42"]
[EventDate "2006.07.??"]
[Source "Ganslmayer"]
[SourceDate "2012.12.20"]

1. Nf3 d5 2. d4 Bf5 3. Nbd2 e6 4. c4 dxc4 5. Nxc4 Nd7 6. g3 c6 7. Bg2 Ngf6 8.
O-O Be7 9. a3 O-O 10. Nh4 Be4 11. Bxe4 Nxe4 12. Nf3 Qc7 13. Bf4 Qc8 14. Nfd2
Ndf6 15. Nxe4 Nxe4 16. f3 Nf6 17. e4 Rd8 18. e5 Nd5 19. Qd2 c5 20. dxc5 Qxc5+
21. Ne3 Nxf4 0-1

[Event "18sen.Bay.EM2006 Schney op"]
[Site "Schloss Schney (25.6.-3.7)"]
[Date "2006.07.01"]
[Round "7.5"]
[White "Fischer, Gerd(41)"]
[Black "Kraft, Hans(32)"]
[Result "1-0"]
[WhiteElo "2092"]
[BlackElo "1981"]
[PlyCount "65"]
[EventDate "2006.07.??"]
[Source "Ganslmayer"]
[SourceDate "2012.12.20"]

1. e4 c5 2. Nf3 Nc6 3. Nc3 Nf6 4. d4 cxd4 5. Nxd4 e5 6. Nb3 Bb4 7. Bg5 h6 8.
Bxf6 Bxc3+ 9. bxc3 Qxf6 10. Bc4 d6 11. Bd5 Ne7 12. c4 O-O 13. O-O Ng6 14. Re1
Qe7 15. Rb1 Rb8 16. Re3 Nf4 17. Na5 Qc7 18. Qd2 Kh8 19. Reb3 Ne2+ 20. Qxe2 Qxa5
21. Qd1 f5 22. Rb5 Qc7 23. exf5 b6 24. g4 Qe7 25. R5b3 Qg5 26. Rg3 Bd7 27. Rbb3
Rf6 28. Rbe3 Rc8 29. h4 Qxh4 30. Rh3 Qg5 31. Rh5 Qf4 32. Re4 Rxc4 33. Rxc4 1-0

[Event "18sen.Bay.EM2006 Schney op"]
[Site "Schloss Schney (25.6.-3.7)"]
[Date "2006.07.01"]
[Round "7.1"]
[White "Hein, Manfred(36)"]
[Black "Walkewitz, Hubert"]
[Result "1/2-1/2"]
[WhiteElo "2021"]
[BlackElo "2182"]
[PlyCount "32"]
[EventDate "2006.07.??"]
[Source "Ganslmayer"]
[SourceDate "2012.12.20"]

1. d4 d5 2. Bf4 Nf6 3. h3 e6 4. Nf3 Bd6 5. Bxd6 Qxd6 6. c3 Nbd7 7. e3 O-O 8.
Bd3 e5 9. dxe5 Nxe5 10. Nxe5 Qxe5 11. Nd2 c5 12. O-O b6 13. Nf3 Qh5 14. Nh2
Qxd1 15. Rfxd1 c4 16. Bc2 b5 1/2-1/2

[Event "18sen.Bay.EM2006 Schney op"]
[Site "Schloss Schney (25.6.-3.7)"]
[Date "2006.07.01"]
[Round "7.2"]
[White "Schmidt, Gerhard(40)"]
[Black "Wimmer, Herbert"]
[Result "0-1"]
[WhiteElo "2139"]
[BlackElo "2114"]
[PlyCount "60"]
[EventDate "2006.07.??"]
[Source "Ganslmayer"]
[SourceDate "2012.12.20"]

1. d4 d5 2. Nf3 Nf6 3. c4 dxc4 4. Qa4+ Nc6 5. e3 Nd5 6. Qxc4 e5 7. Nxe5 Nxe5 8.
dxe5 Be6 9. Qb5+ c6 10. Qe2 Nb4 11. Nc3 Qa5 12. f4 O-O-O 13. Kf2 Nd3+ 14. Kg1
Bb4 15. Ne4 Nxc1 16. Rxc1 Qxa2 17. h3 Rd7 18. Kh2 Rhd8 19. Ng5 Rd2 20. Qf3 Qxb2
21. Nxe6 Qxc1 22. Nxd8 Kxd8 23. Ba6 Qc2 24. Bxb7 Kc7 25. Ba6 Qa2 26. Qf1 Bc5
27. Bc4 Qc2 28. Bxf7 Rf2 29. Qg1 Bxe3 30. Kg3 Bxf4+ 0-1

[Event "18sen.Bay.EM2006 Schney op"]
[Site "Schloss Schney (25.6.-3.7)"]
[Date "2006.07.01"]
[Round "7.3"]
[White "Oechslein, Rainer"]
[Black "Pietruske, Siegfried"]
[Result "1-0"]
[WhiteElo "2176"]
[BlackElo "1819"]
[PlyCount "81"]
[EventDate "2006.07.??"]
[Source "Ganslmayer"]
[SourceDate "2012.12.20"]

1. e4 e5 2. Nf3 Nc6 3. Bb5 a6 4. Ba4 d6 5. c4 Bd7 6. d4 Nxd4 7. Nxd4 exd4 8.
Bxd7+ Qxd7 9. Qxd4 Nf6 10. O-O Be7 11. Nc3 O-O 12. b3 Rfe8 13. f3 Bf8 14. Bb2
Rad8 15. Rad1 b6 16. Kh1 Re6 17. Rf2 g6 18. Nd5 Bg7 19. Qd2 Nxd5 20. cxd5 Re7
21. Bxg7 Kxg7 22. g4 a5 23. Rc1 h6 24. h4 f6 25. Qc3 g5 26. Rh2 Kg6 27. Kg2 Rh7
28. h5+ Kg7 29. Qxc7 Qxc7 30. Rxc7+ Kg8 31. Rc6 Rb7 32. Rh1 Rdd7 33. Rhc1 Kf7
34. Kf2 Kg7 35. Ke3 Kf7 36. Kd4 b5 37. Ra6 a4 38. b4 Ke7 39. Rcc6 Rbc7 40. Rab6
Rb7 41. Rxd6 1-0

[Event "18sen.Bay.EM2006 Schney op"]
[Site "Schloss Schney (25.6.-3.7)"]
[Date "2006.07.01"]
[Round "7.4"]
[White "Walther, Diethelm"]
[Black "Scheipl, Ralf"]
[Result "1/2-1/2"]
[WhiteElo "2036"]
[BlackElo "2184"]
[PlyCount "109"]
[EventDate "2006.07.??"]
[Source "Ganslmayer"]
[SourceDate "2012.12.20"]

1. d4 Nf6 2. Bg5 e6 3. Nc3 h6 4. Bh4 c5 5. e3 d5 6. Bb5+ Nc6 7. Nge2 a6 8.
Bxc6+ bxc6 9. O-O Be7 10. b3 cxd4 11. exd4 a5 12. f3 Ba6 13. Bf2 Nd7 14. Re1
O-O 15. Na4 Bf6 16. Rc1 Rb8 17. c3 Qe7 18. Rc2 Rfc8 19. Nf4 Bb5 20. Nb2 Qd6 21.
Nfd3 Qa3 22. c4 dxc4 23. Nxc4 Bxc4 24. bxc4 Rd8 25. Qe2 Rb7 26. Kh1 Qd6 27. Ne5
Bg5 28. Qe4 Nxe5 29. dxe5 Qd3 30. h4 Be7 31. Kh2 Qxe4 32. Rxe4 Rd1 33. g3 c5
34. f4 g5 35. hxg5 hxg5 36. fxg5 Kg7 37. Kh3 Kg6 38. Kg4 a4 39. Ree2 a3 40. Be3
Rd3 41. Bf4 Rb4 42. Re3 Rd4 43. Rxa3 Bxg5 44. Rac3 f6 45. Kf3 Bxf4 46. gxf4
fxe5 47. fxe5 Kf5 48. Ke3 Kxe5 49. a3 Ra4 50. Rc1 Rh4 51. Kd3 Rh3+ 52. Kc2 Rxa3
53. Re1+ Kd4 54. Rxa3 Rxa3 55. Rxe6 1/2-1/2

[Event "18sen.Bay.EM2006 Schney op"]
[Site "Schloss Schney (25.6.-3.7)"]
[Date "2006.07.01"]
[Round "7.6"]
[White "Kahn, Peter"]
[Black "Schulz, Wolfgang(32)"]
[Result "1/2-1/2"]
[WhiteElo "2023"]
[BlackElo "2035"]
[PlyCount "49"]
[EventDate "2006.07.??"]
[Source "Ganslmayer"]
[SourceDate "2012.12.20"]

1. e4 e5 2. Nf3 Nc6 3. Bb5 a6 4. Ba4 Nf6 5. d4 exd4 6. O-O b5 7. Bb3 Be7 8. Re1
d6 9. c3 dxc3 10. Nxc3 O-O 11. Bg5 Rb8 12. e5 Nxe5 13. Nxe5 dxe5 14. Rxe5 Bd6
15. Re4 h6 16. Bxf6 Qxf6 17. Nd5 Qg5 18. h4 Qd8 19. Qh5 Be6 20. Rae1 c5 21.
Rxe6 fxe6 22. Rxe6 c4 23. Rxh6 gxh6 24. Qg6+ Kh8 25. Qxh6+ 1/2-1/2

[Event "18sen.Bay.EM2006 Schney op"]
[Site "Schloss Schney (25.6.-3.7)"]
[Date "2006.07.01"]
[Round "7.8"]
[White "Rost van Tonningen, Otto"]
[Black "Anliker, Peter"]
[Result "1/2-1/2"]
[WhiteElo "1958"]
[BlackElo "1947"]
[PlyCount "33"]
[EventDate "2006.07.??"]
[Source "Ganslmayer"]
[SourceDate "2012.12.20"]

1. d4 Nf6 2. Nf3 g6 3. e3 Bg7 4. Be2 O-O 5. O-O d6 6. c4 c6 7. Nc3 Qc7 8. Qc2
Nbd7 9. b3 Re8 10. Bb2 e5 11. Rac1 exd4 12. Nxd4 Nc5 13. h3 Ne6 14. Nf3 Nc5 15.
Nd4 Ne6 16. Nxe6 Bxe6 17. Rfd1 1/2-1/2

[Event "18sen.Bay.EM2006 Schney op"]
[Site "Schloss Schney (25.6.-3.7)"]
[Date "2006.07.01"]
[Round "7.9"]
[White "Schmidt, Walter(43)"]
[Black "Petzold, Hans ProfDr(36)"]
[Result "0-1"]
[WhiteElo "1881"]
[BlackElo "2023"]
[PlyCount "64"]
[EventDate "2006.07.??"]
[Source "Ganslmayer"]
[SourceDate "2012.12.20"]

1. e4 e6 2. d4 d5 3. e5 c5 4. c3 Nc6 5. Nf3 Qb6 6. Bd3 Bd7 7. dxc5 Bxc5 8. O-O
a5 9. Nbd2 f6 10. Nb3 fxe5 11. Nxc5 Qxc5 12. Ng5 Nf6 13. Bxh7 Nxh7 14. Qh5+ Kd8
15. Nxh7 Kc7 16. Qg6 Qd6 17. Ng5 e4 18. Nh3 Rxh3 19. gxh3 Ne5 20. Qg3 Nf3+ 21.
Kh1 e5 22. h4 Qf6 23. Bg5 Qf5 24. Rae1 Rf8 25. Re3 Kc8 26. Rxf3 Qxf3+ 27. Qxf3
Rxf3 28. Be3 Bc6 29. Rg1 d4 30. cxd4 exd4 31. Bxd4 e3 32. Rc1 exf2 0-1

[Event "18sen.Bay.EM2006 Schney op"]
[Site "Schloss Schney (25.6.-3.7)"]
[Date "2006.07.01"]
[Round "7.10"]
[White "Kude, Klaus-Peter"]
[Black "Schurig, Wilhelm"]
[Result "0-1"]
[WhiteElo "1757"]
[BlackElo "2023"]
[PlyCount "62"]
[EventDate "2006.07.??"]
[Source "Ganslmayer"]
[SourceDate "2012.12.20"]

1. e4 g6 2. d4 Bg7 3. Nc3 d6 4. Nf3 Nd7 5. Be3 a6 6. Be2 b5 7. a3 e6 8. Qd2 h6
9. O-O Ne7 10. Rfd1 Nf6 11. e5 Nfd5 12. Nxd5 Nxd5 13. c4 bxc4 14. Bxc4 Nxe3 15.
Qxe3 d5 16. Be2 O-O 17. Rdc1 Bd7 18. Rc5 c6 19. Rac1 Qb6 20. b3 a5 21. Bd1 Rfc8
22. R5c2 Bf8 23. a4 Kh7 24. g4 Rab8 25. Ra2 Be8 26. h4 c5 27. Ng5+ hxg5 28.
hxg5 cxd4 29. Qh3+ Kg8 30. Bc2 Rc3 31. Qf1 d3 0-1

[Event "18sen.Bay.EM2006 Schney op"]
[Site "Schloss Schney (25.6.-3.7)"]
[Date "2006.07.01"]
[Round "7.11"]
[White "Reer, Erdmann"]
[Black "Kunath, Werner"]
[Result "0-1"]
[WhiteElo "1884"]
[BlackElo "1896"]
[PlyCount "70"]
[EventDate "2006.07.??"]
[Source "Ganslmayer"]
[SourceDate "2012.12.20"]

1. e4 c5 2. Nc3 Nc6 3. g3 e6 4. Bg2 b6 5. Nge2 Bb7 6. O-O Nge7 7. d3 g6 8. Be3
Bg7 9. Qd2 O-O 10. Bh6 Bxh6 11. Qxh6 f6 12. Qd2 d5 13. exd5 exd5 14. Nf4 Nd4
15. Nce2 Qd6 16. Nxd4 cxd4 17. Rfe1 Rf7 18. Re6 Qc5 19. Rae1 Rc8 20. b4 Qc7 21.
Qe2 Kf8 22. Re4 Qd7 23. Ne6+ Kg8 24. Rxd4 Nf5 25. Rf4 Re7 26. g4 Nh4 27. Rxf6
Nxg2 28. Kxg2 Rce8 29. f4 d4+ 30. Kg3 Qd5 31. f5 g5 32. Rf1 Bc8 33. Qd2 Bxe6
34. fxe6 Rxe6 35. Qg2 Qd6+ 0-1

[Event "18sen.Bay.EM2006 Schney op"]
[Site "Schloss Schney (25.6.-3.7)"]
[Date "2006.07.01"]
[Round "7.12"]
[White "Claus, Joachim"]
[Black "Goy, Udo"]
[Result "0-1"]
[WhiteElo "1765"]
[BlackElo "2107"]
[PlyCount "58"]
[EventDate "2006.07.??"]
[Source "Ganslmayer"]
[SourceDate "2012.12.20"]

1. e4 g6 2. d4 Bg7 3. c3 d6 4. Nf3 c6 5. Bd3 Nf6 6. O-O O-O 7. Na3 Qc7 8. Nc2
Nbd7 9. Bd2 e5 10. Qc1 Re8 11. Re1 Nf8 12. Ne3 exd4 13. Nf1 dxc3 14. Bxc3 Bg4
15. e5 Nd5 16. exd6 Qxd6 17. Bxg7 Kxg7 18. Be4 Rad8 19. Qc4 Bxf3 20. gxf3 Qf6
21. Rad1 Nf4 22. Ne3 h5 23. Kh1 N8e6 24. Rg1 Rxd1 25. Nxd1 Rd8 26. Ne3 Kh6 27.
Qc2 Nd4 28. Qc4 Nh3 29. Qf1 Nxg1 0-1

[Event "18sen.Bay.EM2006 Schney op"]
[Site "Schloss Schney (25.6.-3.7)"]
[Date "2006.07.01"]
[Round "7.13"]
[White "Weczerek, Franz"]
[Black "Jaenig, Reinhard"]
[Result "0-1"]
[WhiteElo "1706"]
[BlackElo "2021"]
[PlyCount "66"]
[EventDate "2006.07.??"]
[Source "Ganslmayer"]
[SourceDate "2012.12.20"]

1. d4 c5 2. Nf3 cxd4 3. Qxd4 Nc6 4. Qa4 Nf6 5. g3 e6 6. Bg2 d5 7. c3 Bd7 8. Qc2
Rc8 9. O-O Bc5 10. Nbd2 O-O 11. Nb3 Bb6 12. Qd1 Ne4 13. Nfd4 Ne5 14. Bxe4 dxe4
15. Nd2 f5 16. Qb3 Qe7 17. f4 exf3 18. N2xf3 Nxf3+ 19. Rxf3 Kh8 20. e3 e5 21.
Ne2 Bc6 22. Rf2 g5 23. Bd2 Rcd8 24. Rd1 Rxd2 25. Rxd2 Bxe3 26. Rd3 Bxf2+ 27.
Kxf2 f4 28. gxf4 gxf4 29. c4 Qh4+ 30. Kf1 f3 31. Ng1 Qxh2 32. Nxf3 Qh1+ 33. Ke2
e4 0-1

[Event "18sen.Bay.EM2006 Schney op"]
[Site "Schloss Schney (25.6.-3.7)"]
[Date "2006.07.01"]
[Round "7.14"]
[White "Mueller, Helmut(05.35)++"]
[Black "Weschke, Wolfgang++"]
[Result "1-0"]
[WhiteElo "1850"]
[BlackElo "2114"]
[PlyCount "55"]
[EventDate "2006.07.??"]
[Source "Ganslmayer"]
[SourceDate "2012.12.20"]

1. Nf3 Nf6 2. g3 b6 3. Bg2 Bb7 4. O-O e6 5. d3 Be7 6. c4 c5 7. Nc3 O-O 8. e3 a6
9. b3 Qc7 10. Bb2 Nc6 11. d4 cxd4 12. exd4 Rfe8 13. Re1 Rad8 14. d5 exd5 15.
Nxd5 Qb8 16. Bxf6 gxf6 17. Nxb6 Ne5 18. Nd5 Bxd5 19. Qxd5 Bb4 20. Re4 d6 21.
Rd1 Qb6 22. Nh4 Bc5 23. Rf4 Bxf2+ 24. Rxf2 Ng4 25. Qd4 Re1+ 26. Rf1 Rxf1+ 27.
Bxf1 Qxd4+ 28. Rxd4 1-0

[Event "18sen.Bay.EM2006 Schney op"]
[Site "Schloss Schney (25.6.-3.7)"]
[Date "2006.07.01"]
[Round "7.15"]
[White "Reimann, Guenther(43)"]
[Black "Gerdes, Hans"]
[Result "1/2-1/2"]
[WhiteElo "1870"]
[BlackElo "1692"]
[PlyCount "113"]
[EventDate "2006.07.??"]
[Source "Ganslmayer"]
[SourceDate "2012.12.20"]

1. c4 e5 2. d3 f5 3. Nd2 Nf6 4. a3 d6 5. Ngf3 Nc6 6. e3 Bd7 7. g3 a5 8. b3 g6
9. Bb2 Bg7 10. Bg2 O-O 11. Qc2 Qe7 12. O-O Rad8 13. h3 Rfe8 14. Rfe1 b6 15.
Rad1 Na7 16. d4 e4 17. Nh2 c6 18. Ra1 c5 19. d5 Bc8 20. a4 Nd7 21. f4 exf3 22.
Nhxf3 Bxb2 23. Qxb2 Ne5 24. Nxe5 dxe5 25. Rad1 Qg5 26. Nf1 Bb7 27. h4 Qf6 28.
Nh2 Qd6 29. e4 Bc8 30. Nf3 fxe4 31. Rxe4 Bf5 32. Rxe5 Rxe5 33. Nxe5 Re8 34. Re1
Nc8 35. Re3 Qf6 36. Qe2 Nd6 37. g4 Bc8 38. Nc6 Rxe3 39. Qxe3 Bxg4 40. Ne5 Bd1
41. Bh3 Qxh4 42. Be6+ Kh8 43. Nd7 Qd4 44. Qxd4+ cxd4 45. Nxb6 Nb7 46. d6 Bxb3
47. Bd5 Nxd6 48. c5 Bxd5 49. cxd6 Bc6 50. d7 Bxd7 51. Nxd7 d3 52. Kf2 h5 53.
Nc5 Kg7 54. Nxd3 Kf6 55. Nc5 Ke5 56. Nb3 g5 57. Nxa5 1/2-1/2

[Event "18sen.Bay.EM2006 Schney op"]
[Site "Schloss Schney (25.6.-3.7)"]
[Date "2006.07.01"]
[Round "7.17"]
[White "Aigner, Georg"]
[Black "Mahrla, Hans Dr"]
[Result "0-1"]
[WhiteElo "1736"]
[BlackElo "1678"]
[PlyCount "70"]
[EventDate "2006.07.??"]
[Source "Ganslmayer"]
[SourceDate "2012.12.20"]

1. e4 e6 2. d4 d5 3. Nd2 dxe4 4. Nxe4 Nf6 5. Nxf6+ Qxf6 6. Nf3 h6 7. Bd3 Bd6 8.
O-O Nc6 9. Re1 O-O 10. c3 Ne7 11. Ne5 Ng6 12. f4 Qd8 13. Bxg6 fxg6 14. Nxg6 Rf6
15. Ne5 c5 16. Be3 Qc7 17. Qd2 b6 18. Rac1 Bb7 19. dxc5 Bxe5 20. fxe5 Rg6 21.
cxb6 axb6 22. Bf2 Bxg2 23. Bg3 Bh3 24. Qd4 Rf8 25. Re4 Qf7 26. Ree1 Qf3 27. Qe4
Qf7 28. Kh1 h5 29. Red1 Rg4 30. Qc6 Rc4 31. Rd7 Rxc6 32. Rxf7 Rxf7 33. Rd1 Rc8
34. Bh4 Rcf8 35. Kg1 Rf1+ 0-1

[Event "18sen.Bay.EM2006 Schney op"]
[Site "Schloss Schney (25.6.-3.7)"]
[Date "2006.07.01"]
[Round "7.18"]
[White "Dohmel, Wolfgang(39)++"]
[Black "Grueneschild, Hildegard"]
[Result "1-0"]
[WhiteElo "1770"]
[BlackElo "1440"]
[PlyCount "81"]
[EventDate "2006.07.??"]
[Source "Ganslmayer"]
[SourceDate "2012.12.20"]

1. d4 Nf6 2. e3 g6 3. f4 Bg7 4. Bd3 d6 5. Nf3 O-O 6. O-O Nc6 7. c3 e6 8. Bd2 a6
9. Be1 b5 10. a3 Na5 11. Nbd2 Bb7 12. Bh4 Qd7 13. Qe2 Rac8 14. b4 Nc6 15. Rac1
Ne7 16. e4 Nh5 17. Ne1 Rfe8 18. g4 Nxf4 19. Rxf4 e5 20. dxe5 dxe5 21. Rf2 Nc6
22. Ng2 Re6 23. Ne3 Rd6 24. Bb1 Rxd2 25. Qxd2 Qxd2 26. Rxd2 Bf8 27. Rd7 Nb8 28.
Rd8 Rxd8 29. Bxd8 c5 30. Rf1 cxb4 31. cxb4 Nc6 32. Bc7 Bh6 33. Nd5 Bg7 34. g5
Bf8 35. Ba2 Nd4 36. Bxe5 Ne2+ 37. Kf2 Bxd5 38. Bxd5 Bd6 39. Bxd6 Nd4 40. Kg3
Ne2+ 41. Kg4 1-0

[Event "18sen.Bay.EM2006 Schney op"]
[Site "Schloss Schney (25.6.-3.7)"]
[Date "2006.07.01"]
[Round "7.19"]
[White "Winkler, Karl-Heinz(32)"]
[Black "Reichwald, Klaus"]
[Result "1-0"]
[WhiteElo "1702"]
[BlackElo "1749"]
[PlyCount "35"]
[EventDate "2006.07.??"]
[Source "Ganslmayer"]
[SourceDate "2012.12.20"]

1. Nc3 d5 2. d4 Bf5 3. Nf3 h6 4. Bf4 e6 5. a3 Nf6 6. e3 Nbd7 7. Nb5 Nh5 8.
Nxc7+ Ke7 9. Nxa8 Nxf4 10. exf4 Qxa8 11. Ne5 Nxe5 12. fxe5 Qc8 13. Qd2 b6 14.
Bb5 Kd8 15. O-O Qxc2 16. Qxc2 Bxc2 17. Rac1 Bf5 18. Ba6 1-0

[Event "18sen.Bay.EM2006 Schney op"]
[Site "Schloss Schney (25.6.-3.7)"]
[Date "2006.07.01"]
[Round "7.20"]
[White "Fels, Karl-Heinz"]
[Black "Kunert, Helmut"]
[Result "1-0"]
[WhiteElo "1766"]
[BlackElo "1480"]
[PlyCount "87"]
[EventDate "2006.07.??"]
[Source "Ganslmayer"]
[SourceDate "2012.12.20"]

1. e4 c5 2. Nf3 Nc6 3. d4 cxd4 4. Nxd4 a6 5. Nc3 e5 6. Nf3 Nf6 7. Bg5 Be7 8.
Qd2 Bb4 9. Bd3 O-O 10. O-O-O Qa5 11. a3 Bxc3 12. Qxc3 Qxc3 13. bxc3 Ng4 14. Bh4
b5 15. h3 Nh6 16. g4 f6 17. g5 fxg5 18. Nxg5 Rf4 19. Bg3 Rf6 20. Be2 d6 21. Rd2
Bb7 22. Rhd1 Rd8 23. Nf3 Re6 24. a4 Na7 25. axb5 axb5 26. Bh4 Rd7 27. Ng5 Rf6
28. c4 Nf7 29. Nxf7 Kxf7 30. Bxf6 gxf6 31. Bg4 Rd8 32. Rxd6 Rxd6 33. Rxd6 Bc6
34. cxb5 Bxb5 35. c4 Bc6 36. f3 Ke7 37. Rd2 Be8 38. Kb2 Nc6 39. Kc3 Nd4 40. Rf2
h5 41. Bc8 Kd8 42. Bb7 h4 43. f4 exf4 44. Kxd4 1-0